Espacios de oscilación media acotada /

Guardado en:
Autor Principal: Ortiz Fernández, Alejandro.
Autor Corporativo: Escuela Latinoamericana de Matemática.
Formato: Libro
Idioma:Spanish
Publicado: Lima, Perú : [Departamento de Matemáticas, Universidad Nacional de Trujillo?], 1978.
Edición:2.ª ed. aumentada.
Etiquetas: Agregar Etiqueta
Sin Etiquetas, Sea el primero en etiquetar este registro!
LEADER 00736nam a22001815a 4500
001 MAT.inmabb005299
008 081003s1978####pe#######b####000#0#spa#d
005 20130305114909.0
245 1 0 |a Espacios de oscilación media acotada /  |c Alejandro Ortiz Fernández. 
250 |a 2.ª ed. aumentada. 
260 |a Lima, Perú :  |b [Departamento de Matemáticas, Universidad Nacional de Trujillo?],  |c 1978. 
300 |a vii, 113 p. ;  |c 21 cm. 
500 |a "IV Escuela Latinoamericana de Matemática". 
504 |a Incluye referencias bibliográficas (p. [108]-113). 
100 1 |a Ortiz Fernández, Alejandro. 
711 2 |a Escuela Latinoamericana de Matemática.  |n (4.ª :  |d 1978 :  |c Lima) 
084 |a 46E30  |2 msc2000 
859 |h 46  |i Or77  |p A-5697  |b BIB. MATEMATICA